00498nam a2200181Ia 450000500170000000800410001704000190005804100120007708200200008910000170010924500370012626000420016330000240020550400190022965000230024865100350027185000100030620221122100357.0131103s9999 xx 000 0 und d aLoreto College aEnglish a821.7bWOR- MOO aMoorman,Mary aWilliam WordsworthcMary Moorman aLondonbOxford University Pressc1965 axvi,630 p.b plates aIncludes index aEnglish literature aWordsworth,William - Biography aLCLIB